000 00686nam a2200277Ia 4500
005 20260121125338.0
008 008 260114s9999 xx 000 0 eng d
020 _a9780822372035
037 _aEBOOK
040 _aCRL
040 _beng
040 _cCRL
041 _2eng
041 _aeng
084 _qCRL
100 _aChan, Shelly
_9991383
245 0 _aDiasporas Homeland: Modern China in the Age of Global Migration
260 _bWalter de Gruyter
260 _bWalter de Gruyter
260 _c2018
650 _aHistory
_9991384
856 _uhttp://www.degruyter.com/isbn/9780822372035
942 _cEBOOK
999 _c1561317
_d1561317